El sol (Record no. 6362)

MARC details
000 -LEADER
campo de control de longitud fija 00637nam a2200205 i 4500
001 - NÚMERO DE CONTROL
campo de control 6362
003 - IDENTIFICADOR DE NÚMERO DE CONTROL
campo de control ES-MaACL
005 - FECHA Y HORA DE LA ÚLTIMA TRANSACCIÓN
campo de control 20230906144910.0
007 - CAMPO FIJO DE DESCRIPCIÓN FÍSICA--INFORMACIÓN GENERAL
campo de control de longitud fija t|
008 - DATOS DE LONGITUD FIJA--INFORMACIÓN GENERAL
campo de control de longitud fija 890926s1983 sp a |||| | spa d
020 ## - NÚMERO INTERNACIONAL ESTÁNDAR DEL LIBRO
Número Internacional Estándar del Libro 84-300-9980-8
080 ## - NÚMERO DE LA CLASIFICACIÓN DECIMAL UNIVERSAL
Número de la Clasificación Decimal Universal 131
100 1# - ENTRADA PRINCIPAL--NOMBRE DE PERSONA
Nombre de persona Rodríguez, Cándido.
9 (RLIN) 98219
245 13 - MENCIÓN DEL TÍTULO
Título El sol
Resto del título : metodología para la observación por el aficionado /
Mención de responsabilidad, etc. Cándido Rodríguez.
250 ## - MENCION DE EDICION
Mención de edición 1ª ed.
260 ## - PUBLICACIÓN, DISTRIBUCIÓN, ETC.
Lugar de publicación, distribución, etc. [S.l.] :
Nombre del editor, distribuidor, etc. Agrupacion Astronomica Albireo,
Fecha de publicación, distribución, etc. 1983 (
Lugar de fabricación/manufactura Écija :
Fabricante Grafisol)
300 ## - DESCRIPCIÓN FÍSICA
Extensión 248 p. :
Otras características físicas il. ;
Dimensiones 30 cm.
651 #4 - PUNTO DE ACCESO ADICIONAL DE MATERIA--NOMBRE GEOGRÁFICO
Nombre geográfico Sol-
Subdivisión general Observaciones.
9 (RLIN) 162620
852 ## - LOCALIZACIÓN
Ubicación ES-MaACL
Número de control de estantería L-13502
Nota libre - enc. rust.
Holdings
Estatus retirado Estado de pérdida Estado de daño No para préstamo Biblioteca de origen Biblioteca actual Ubicación en estantería Fecha de adquisición Fuente de adquisición Total de préstamos Signatura topográfica completa Código de barras Visto por última vez Precio de reemplazo Tipo de ítem Koha
        Biblioteca del Ateneo de Madrid Biblioteca del Ateneo de Madrid Depósito 2 17/01/2008     L-13502 1006476 23/02/2023 23/02/2023 Libro impreso